UM Logo

Business ethics and social responsibility / (Record no. 20683)

MARC details
000 -LEADER
fixed length control field 00613nam a22001817a 4500
005 - DATE AND TIME OF LATEST TRANSACTION
control field 20250320112036.0
008 - FIXED-LENGTH DATA ELEMENTS--GENERAL INFORMATION
fixed length control field 240820b ||||| |||| 00| 0 eng d
020 ## - INTERNATIONAL STANDARD BOOK NUMBER
International Standard Book Number 9789712380099
082 ## - DEWEY DECIMAL CLASSIFICATION NUMBER
Classification number DFil 174.4 R114 2017
100 ## - MAIN ENTRY--PERSONAL NAME
Personal name Racelis, Aliza.
9 (RLIN) 58440
245 ## - TITLE STATEMENT
Title Business ethics and social responsibility /
Statement of responsibility, etc. Aliza Racelis.
250 ## - EDITION STATEMENT
Edition statement First edition.
260 ## - PUBLICATION, DISTRIBUTION, ETC. (IMPRINT)
Place of publication, distribution, etc. Manila :
Name of publisher, distributor, etc. Rex Book Store,
Date of publication, distribution, etc. ©2017.
300 ## - PHYSICAL DESCRIPTION
Extent v, 176 pages :
Other physical details illustrations ;
Dimensions 25 cm.
500 ## - GENERAL NOTE
General note Includes glossary, references, and index.
650 #0 - SUBJECT ADDED ENTRY--TOPICAL TERM
Topical term or geographic name as entry element Business ethics
General subdivision Industries
-- Social aspects.
9 (RLIN) 65789
942 ## - ADDED ENTRY ELEMENTS (KOHA)
Source of classification or shelving scheme Dewey Decimal Classification
Koha item type Filipiniana
Holdings
Withdrawn status Lost status Source of classification or shelving scheme Damaged status Not for loan Collection code Home library Current library Date acquired Source of acquisition Total Checkouts Full call number Barcode Date last seen Copy number Price effective from Koha item type
    Dewey Decimal Classification     Filipiniana UM Digos College - LIC UM Digos College - LIC 08/09/2024 Donated   DFil 174.4 R114 2017 28628 05/15/2025 1 08/20/2024 Filipiniana
    Dewey Decimal Classification     Filipiniana UM Digos College - LIC UM Digos College - LIC 08/09/2024 Donated   DFil 174.4 R114 2017 28629 05/15/2025 2 08/20/2024 Filipiniana
    Dewey Decimal Classification     Filipiniana UM Digos College - LIC UM Digos College - LIC 08/09/2024 Donated   DFil 174.4 R114 2017 28630 05/15/2025 3 08/20/2024 Filipiniana